Basic Economics/ (Record no. 49579)

MARC details
000 -LEADER
fixed length control field 00326nam a22001337a 4500
008 - FIXED-LENGTH DATA ELEMENTS--GENERAL INFORMATION
fixed length control field 170321b xxu||||| |||| 00| 0 eng d
020 ## - INTERNATIONAL STANDARD BOOK NUMBER
International Standard Book Number 9781308351636
050 ## - LIBRARY OF CONGRESS CALL NUMBER
Classification number HB 171.5
Item number .B37 2015
245 ## - TITLE STATEMENT
Title Basic Economics/
260 ## - PUBLICATION, DISTRIBUTION, ETC. (IMPRINT)
Place of publication, distribution, etc USA
Name of publisher, distributor, etc McGrawHill
Date of publication, distribution, etc 2015
300 ## - PHYSICAL DESCRIPTION
Extent vi,567p
500 ## - GENERAL NOTE
General note includes index
942 ## - ADDED ENTRY ELEMENTS (KOHA)
Source of classification or shelving scheme Library of Congress Classification
Item type Book
Holdings
Withdrawn status Lost status Source of classification or shelving scheme Damaged status Not for loan Collection code Home library Current library Shelving location Date acquired Source of acquisition Cost, normal purchase price Total Checkouts Full call number Barcode Date last borrowed Copy number Price effective from Koha item type
    Library of Congress Classification     Non-fiction Bishop Okullu Memorial Library (Limuru Campus) Bishop Okullu Memorial Library (Limuru Campus) General Circulation 24/04/2017 Donation-BFA 3000.00 4 HB 171.5 .B37 2015 052843 08/11/2018 2 24/04/2017 Book
    Library of Congress Classification     Non-fiction Nairobi Campus Nairobi Campus General Circulation 21/03/2017 Donation-BFA 2000.00 1 HB 171.5 .B37 2015 052073 24/02/2020 1 21/03/2017 Book
    Library of Congress Classification     Fiction Nairobi Campus Nairobi Campus General Circulation 22/01/2019 Donation-BFA 3000.00 2 HB 171.5 .B37 2015 060855 08/02/2022 3 22/01/2019 Book